000
00349nam a2200133Ia 4500
008
151001s9999||||xx |||||||||||||| ||und||
100
_a
Hold Henry
245
4
_a
The Secrat Messenger
250
_a
1
260
_b
Dibins 48 pallnall
260
_c
1937
300
_a
252
365
_b
7
999
_c
949963
_d
949960